Cubes, cones, cylinders & spheres / (Record no. 9304)

MARC details
000 -LEADER
fixed length control field 01279cam a22003614a 4500
001 - CONTROL NUMBER
control field 9304
003 - CONTROL NUMBER IDENTIFIER
control field FISKH
005 - DATE AND TIME OF LATEST TRANSACTION
control field 20251209153818.0
008 - FIXED-LENGTH DATA ELEMENTS--GENERAL INFORMATION
fixed length control field 991012s2000 nyua c 000 0 eng
010 ## - LIBRARY OF CONGRESS CONTROL NUMBER
LC control number 99052909
020 ## - INTERNATIONAL STANDARD BOOK NUMBER
International Standard Book Number 0688153259
Qualifying information trade
020 ## - INTERNATIONAL STANDARD BOOK NUMBER
International Standard Book Number 0688153267
Qualifying information lib. bdg.
020 ## - INTERNATIONAL STANDARD BOOK NUMBER
International Standard Book Number 9780688153250
Qualifying information (trade)
020 ## - INTERNATIONAL STANDARD BOOK NUMBER
International Standard Book Number 9780688153267
Qualifying information (lib. bdg.)
035 ## - SYSTEM CONTROL NUMBER
System control number 11807370
040 ## - CATALOGING SOURCE
Original cataloging agency DLC
Transcribing agency DLC
Modifying agency DLC
Language of cataloging eng
050 00 - LIBRARY OF CONGRESS CALL NUMBER
Classification number QA445.5
Item number .H623 2000
082 00 - DEWEY DECIMAL CLASSIFICATION NUMBER
Classification number 516/.15
Edition number 21
100 1# - MAIN ENTRY--PERSONAL NAME
Personal name Hoban, Tana.
245 10 - TITLE STATEMENT
Title Cubes, cones, cylinders & spheres /
Statement of responsibility, etc. Tana Hoban.
246 3# - VARYING FORM OF TITLE
Title proper/short title Cubes, cones, cylinders, and spheres
260 ## - PUBLICATION, DISTRIBUTION, ETC.
Place of publication, distribution, etc. New York :
Name of publisher, distributor, etc. Greenwillow Books,
Date of publication, distribution, etc. 2000.
300 ## - PHYSICAL DESCRIPTION
Extent 24 unnumbered pages :
Other physical details color illustrations ;
Dimensions 21 x 26 cm.
505 ## - FORMATTED CONTENTS NOTE
Formatted contents note NP
520 ## - SUMMARY, ETC.
Summary, etc. Photographs of all kinds of familiar objects depict a variety of shapes, including cubes, cones, and spheres.
650 #0 - SUBJECT ADDED ENTRY--TOPICAL TERM
Topical term or geographic name entry element Geometry
Form subdivision Pictorial works
-- Juvenile literature.
650 #1 - SUBJECT ADDED ENTRY--TOPICAL TERM
Topical term or geographic name entry element Shape.
655 #7 - INDEX TERM--GENRE/FORM
Genre/form data or focus term Illustrated works.
Source of term lcgft
Authority record control number or standard number https://id.loc.gov/authorities/genreForms/gf2014026111
655 #7 - INDEX TERM--GENRE/FORM
Genre/form data or focus term Literature.
Source of term lcgft
Authority record control number or standard number https://id.loc.gov/authorities/genreForms/gf2014026415
906 ## - LOCAL DATA ELEMENT F, LDF (RLIN)
a 7
b cbc
c orignew
d 1
e ocip
f 19
g y-gencatlg
942 ## - ADDED ENTRY ELEMENTS (KOHA)
Source of classification or shelving scheme Dewey Decimal Classification
Koha item type Books
Suppress in OPAC No
Holdings
Withdrawn status Lost status Source of classification or shelving scheme Damaged status Not for loan Collection Home library Current library Shelving location Date acquired Total Checkouts Full call number Barcode Date last seen Copy number Price effective from Koha item type
    Dewey Decimal Classification     Non-Fiction Footprints International School Library Network Toul Tom Poung Campus Footprints International School Library Network Toul Tom Poung Campus TTP Primary Green Bookshelves 12/09/2025   HOB 516.15 QA445 .H623 FISBK02092 12/09/2025 1 12/09/2025 Books
    Dewey Decimal Classification     Non-Fiction Footprints International School Library Network Toul Tom Poung Campus Footprints International School Library Network Toul Tom Poung Campus TTP Primary Green Bookshelves 03/11/2026   HOB 516.15 QA445 .H623 FIS03376 03/11/2026 2 03/11/2026 Books